Security, safety and first aid in hospitality industry / (Record no. 15355)

MARC details
000 -LEADER
fixed length control field 00964nam a22002417a 4500
005 - DATE AND TIME OF LATEST TRANSACTION
control field 20080905095434.0
008 - FIXED-LENGTH DATA ELEMENTS--GENERAL INFORMATION
fixed length control field 080905t xxu||||| |||| 00| 0 eng d
010 ## - LCCN (DPL NO)
LC control number ENG-90939
020 ## - INTERNATIONAL STANDARD BOOK NUMBER
International Standard Book Number 9788178804019
Terms of availability 650.00
035 ## - SYSTEM CONTROL NUMBER
System control number EN-74472
037 ## - SOURCE OF ACQUISITION
Source of stock number/acquisition DBAD / PUB
040 ## - CATALOGING SOURCE
Original cataloging agency DPl
Language of cataloging English
082 ## - DEWEY DECIMAL CLASSIFICATION NUMBER
Classification number 647.940683
100 ## - MAIN ENTRY--PERSONAL NAME
Personal name Ekta Bhushan
245 ## - TITLE STATEMENT
Title Security, safety and first aid in hospitality industry /
Statement of responsibility, etc by Ekta Bhushan
260 ## - PUBLICATION, DISTRIBUTION, ETC. (IMPRINT)
Place of publication, distribution, etc New Delhi
Name of publisher, distributor, etc Rajat Publications
Date of publication, distribution, etc 2008
270 ## - ADDRESS
Address 4675/21,Ansari Road, Darya Ganj,
City New Delhi
Postal code 110002
Telephone number 23267924,22507277
300 ## - PHYSICAL DESCRIPTION
Extent vii, 280p.
Dimensions 23 cm (Hb)
650 ## - SUBJECT ADDED ENTRY--TOPICAL TERM
Topical term or geographic name as entry element Hotels
General subdivision Security measures
-- First aid
650 ## - SUBJECT ADDED ENTRY--TOPICAL TERM
Topical term or geographic name as entry element Restaurants
General subdivision Security measures
-- First aid
942 ## - ADDED ENTRY ELEMENTS (KOHA)
Source of classification or shelving scheme Dewey Decimal Classification
Item type English Books
Call number suffix EKT
Classification part 647.940683
Holdings
Withdrawn status Lost status Source of classification or shelving scheme Damaged status Not for loan Collection code Home library Current library Date acquired Source of acquisition Cost, normal purchase price Total Checkouts Full call number Barcode Date last seen Copy number Cost, replacement price Koha item type
    Dewey Decimal Classification   Not For Loan Non-fiction D.B.Act.Division D.B.Act.Division 05/09/2008 DBAD / PUB 650.00   647.940683 EKT EN-74472 15/09/2008 1 650.00 English Books

© Delhi Public Library
Hit Counter
free hit counter